<?xml version="1.0" encoding="UTF-8"?>
<record
    xmlns:xsi="http://www.w3.org/2001/XMLSchema-instance"
    xsi:schemaLocation="http://www.loc.gov/MARC21/slim http://www.loc.gov/standards/marcxml/schema/MARC21slim.xsd"
    xmlns="http://www.loc.gov/MARC21/slim">

  <leader>00723cam a22002177a 4500</leader>
  <controlfield tag="003">OSt</controlfield>
  <controlfield tag="005">20151104100601.0</controlfield>
  <controlfield tag="008">150202s2014    spca|||  |||| 001 0 spa|d</controlfield>
  <datafield tag="017" ind1=" " ind2=" ">
    <subfield code="a">DL B 22866-2014</subfield>
    <subfield code="b">Biblioteca de Catalunya</subfield>
  </datafield>
  <datafield tag="020" ind1=" " ind2=" ">
    <subfield code="a">9788490644935</subfield>
  </datafield>
  <datafield tag="040" ind1=" " ind2=" ">
    <subfield code="b">cat</subfield>
    <subfield code="c">CDMR</subfield>
  </datafield>
  <datafield tag="100" ind1="1" ind2=" ">
    <subfield code="a">Bernal Trivi&#xF1;o, Ana Isabel</subfield>
  </datafield>
  <datafield tag="245" ind1="1" ind2="0">
    <subfield code="a">Herramientas digitales para periodistas </subfield>
    <subfield code="b">: gu&#xED;a pr&#xE1;ctica para el periodismo online </subfield>
    <subfield code="c">Ana Isabel Bernal Trivi&#xF1;o</subfield>
  </datafield>
  <datafield tag="260" ind1=" " ind2=" ">
    <subfield code="a">Barcelona </subfield>
    <subfield code="b">Editorial UOC</subfield>
    <subfield code="c">2014</subfield>
  </datafield>
  <datafield tag="300" ind1=" " ind2=" ">
    <subfield code="a">180 p. :</subfield>
    <subfield code="b">il. ;</subfield>
    <subfield code="c">24 cm</subfield>
  </datafield>
  <datafield tag="504" ind1=" " ind2=" ">
    <subfield code="a">Refer&#xE8;ncies bibliogr&#xE0;fiques. &#xCD;ndex</subfield>
  </datafield>
  <datafield tag="650" ind1="0" ind2="4">
    <subfield code="a">Web 2.0</subfield>
    <subfield code="9">3137</subfield>
  </datafield>
  <datafield tag="650" ind1="0" ind2="4">
    <subfield code="a">Internet</subfield>
    <subfield code="9">3138</subfield>
    <subfield code="x">Art d'escriure</subfield>
  </datafield>
  <datafield tag="650" ind1="0" ind2="4">
    <subfield code="9">3076</subfield>
    <subfield code="a">Periodisme digital</subfield>
  </datafield>
  <datafield tag="942" ind1=" " ind2=" ">
    <subfield code="c">MON</subfield>
    <subfield code="2">udc</subfield>
  </datafield>
  <datafield tag="999" ind1=" " ind2=" ">
    <subfield code="c">6866</subfield>
    <subfield code="d">6866</subfield>
  </datafield>
  <datafield tag="952" ind1=" " ind2=" ">
    <subfield code="0">0</subfield>
    <subfield code="1">0</subfield>
    <subfield code="4">0</subfield>
    <subfield code="7">0</subfield>
    <subfield code="a">CDMR</subfield>
    <subfield code="b">CDMR</subfield>
    <subfield code="d">2015-06-02</subfield>
    <subfield code="e">Intercanvi</subfield>
    <subfield code="g">18.00</subfield>
    <subfield code="l">23</subfield>
    <subfield code="m">16</subfield>
    <subfield code="o">Ca 1/42</subfield>
    <subfield code="p">CDMR15061613</subfield>
    <subfield code="r">2023-07-26</subfield>
    <subfield code="s">2023-07-24</subfield>
    <subfield code="v">18.00</subfield>
    <subfield code="w">2015-06-02</subfield>
    <subfield code="y">MON</subfield>
  </datafield>
</record>
